<?xml version="1.0" encoding="UTF-8"?><?xml-stylesheet type="text/xsl" href="static/style.xsl"?><OAI-PMH xmlns="http://www.openarchives.org/OAI/2.0/" xmlns:xsi="http://www.w3.org/2001/XMLSchema-instance" xsi:schemaLocation="http://www.openarchives.org/OAI/2.0/ http://www.openarchives.org/OAI/2.0/OAI-PMH.xsd"><responseDate>2026-04-28T19:06:08Z</responseDate><request verb="GetRecord" identifier="oai:uvadoc.uva.es:10324/68355" metadataPrefix="marc">https://uvadoc.uva.es/oai/request</request><GetRecord><record><header><identifier>oai:uvadoc.uva.es:10324/68355</identifier><datestamp>2024-07-02T19:00:18Z</datestamp><setSpec>com_10324_2555</setSpec><setSpec>col_10324_2557</setSpec></header><metadata><record xmlns="http://www.loc.gov/MARC21/slim" xmlns:doc="http://www.lyncode.com/xoai" xmlns:xsi="http://www.w3.org/2001/XMLSchema-instance" xmlns:dcterms="http://purl.org/dc/terms/" xsi:schemaLocation="http://www.loc.gov/MARC21/slim http://www.loc.gov/standards/marcxml/schema/MARC21slim.xsd">
<leader>00925njm 22002777a 4500</leader>
<datafield tag="042" ind1=" " ind2=" ">
<subfield code="a">dc</subfield>
</datafield>
<datafield tag="720" ind1=" " ind2=" ">
<subfield code="a">Delgado Huertos, Enrique</subfield>
<subfield code="e">author</subfield>
</datafield>
<datafield tag="260" ind1=" " ind2=" ">
<subfield code="c">2024</subfield>
</datafield>
<datafield tag="520" ind1=" " ind2=" ">
<subfield code="a">Se reúnen en esta presentación dos procesos distintos pero con resultados análogos. Partimos de  valorar la importancia de los bosques y su papel indubitado, como almacenes de CO2, en el freno al cambio climático. Definimos la deforestación y la desertificación y pasamos a analizar cada uno por separado.&#xd;
Los datos de la deforestación, causas y agentes implicados. La deforestación por conjuntos geográficos: Asia, Europa, América Latina y el Caribe, América del Norte y África. Las campañas para controlar la deforestación y buenas prácticas, la certificación forestal y la cadena de custodia.&#xd;
Los datos de la desertificación, la erosión del suelo, el planisferio y el mapa de España de la desertificación. Las causas y consecuencias de la desertificación, los tipos y formas de la desertización, las zonas áridas en el mundo: características y tipología de zonas áridas. Buenas prácticas en la lucha contra la desertificación y el proyecto europeo "Desiertos verdes" de reforestación.</subfield>
</datafield>
<datafield tag="024" ind2=" " ind1="8">
<subfield code="a">https://uvadoc.uva.es/handle/10324/68355</subfield>
</datafield>
<datafield tag="245" ind1="0" ind2="0">
<subfield code="a">Deforestación y desertificación, dos caras del mismo problema</subfield>
</datafield>
</record></metadata></record></GetRecord></OAI-PMH>